Komenský kontra Gracián : Pansofie prodromus, aneb, O pravé a plné moudrosti /

Další autoři: Neradová, Květoslava, 1933-2016, Schreiber, Hugo, 1943-, Komenský, Jan Amos, 1592-1670., Gracián, Baltasar, 1601-1658.
Jazyk: Čeština
Vydáno: Praha : Evropský literární klub, 2006
Témata:
Externí odkaz: Digitalizovaný dokument
Fyzický popis: 99, 134 s. : il. ; 16 cm
Knihy
Uloženo v:
LEADER 02873nam a2200661 a 4500
001 nkc20061651990
003 CZ PrNK
005 20130805140441.0
007 ta
008 060420s2006 xr a f 000 0dcze
015 |a cnb001651990 
020 |a 80-86316-67-X  |q (váz.) 
035 |a (OCoLC)71295285 
040 |a ABA001  |b cze 
041 1 |a cze  |h lat  |h spa 
043 |a e-xr---  |a e-sp--- 
045 |a u-u- 
072 7 |a 14  |x Filozofické systémy a hlediska  |2 Konspekt  |9 5 
080 |a 101-051  |2 MRF 
080 |a 001:165  |2 MRF 
080 |a (437.3)  |2 MRF 
080 |a (460)  |2 MRF 
080 |a (049)  |2 MRF 
080 |a (0.072)  |2 MRF 
245 0 0 |a Komenský kontra Gracián :  |b Pansofie prodromus, aneb, O pravé a plné moudrosti /  |c uspořádala Květa Neradová. Gracián kontra Komenský : Příruční orákulum, aneb, Umění moudrosti / uspořádal Hugo Schreiber 
260 |a Praha :  |b Evropský literární klub,  |c 2006 
300 |a 99, 134 s. :  |b il. ;  |c 16 cm 
500 |a Přeloženo z latiny a španělštiny? 
500 |a První část obsahuje Pansofii J.A. Komenského, druhá část Orákulum B. Graciána (tištěna zvratmo) 
600 1 7 |a Komenský, Jan Amos,  |d 1592-1670  |7 jk01061444  |2 czenas 
600 1 7 |a Gracián, Baltasar,  |d 1601-1658  |7 jn19990210252  |2 czenas 
648 7 |a 17. století  |7 ch460555  |2 czenas 
650 0 7 |a filozofové  |7 ph117191  |z Česko  |y 17. století  |2 czenas 
650 0 7 |a myslitelé  |7 ph119628  |z Španělsko  |y 17. století  |2 czenas 
650 0 7 |a pansofie  |7 ph123936  |2 czenas 
650 0 9 |a philosophers  |z Czechia  |y 17th century  |2 eczenas 
650 0 9 |a thinkers  |z Spain  |y 17th century  |2 eczenas 
650 0 9 |a pansophy  |2 eczenas 
655 7 |a pojednání  |7 fd133056  |2 czenas 
655 7 |a komentovaná vydání  |7 fd132577  |2 czenas 
655 9 |a essays  |2 eczenas 
655 9 |a annotated editions  |2 eczenas 
700 1 |a Neradová, Květoslava,  |d 1933-2016  |7 jk01083204  |4 com 
700 1 |a Schreiber, Hugo,  |d 1943-  |7 mzk2006337122  |4 com 
700 1 2 |a Komenský, Jan Amos,  |d 1592-1670.  |t Prodromus pansophiae.  |l Česky  |7 aun2006373085 
700 1 2 |a Gracián, Baltasar,  |d 1601-1658.  |t Oráculo manual y arte de prudencia.  |l Česky  |7 aun2006372896 
740 0 2 |a Pansofie prodromus, aneb, O pravé a plné moudrosti 
740 0 2 |a O pravé a plné moudrosti 
740 0 2 |a Příruční orákulum, aneb, Umění moudrosti 
740 0 2 |a Gracián kontra Komenský 
740 0 2 |a Umění moudrosti 
856 4 1 |u http://www.digitalniknihovna.cz/mzk/uuid/uuid:133f12b0-51c4-11e7-a7b7-005056827e51  |y Digitalizovaný dokument  |x NDK 
910 2 |a BOA001  |b 1-1169.232 
990 |a BK 
995 |a 01 
991 |b 200605  |c NOV 
996 6 |b 2610278824  |c 1-1169.232  |l MZK  |r Sklad / do 1 hodiny  |n 1  |p p.v.  |w 000815701  |u 000010  |a 1  |e BOA001  |j MZK50  |s P 
996 7 |b 2610279458  |c 1-1169.232  |l MZK  |r Sklad / do 1 hodiny  |n 7  |p kup  |w 000815701  |u 000020  |a 1  |e BOA001  |j MZK50  |s A